[Event "HUN-chT2 Szechenyi 1718"]
[Site "Hungary"]
[Date "2017.10.29"]
[Round "1.7"]
[White "Biskopics, Marton"]
[Black "Gollei, Peter"]
[Result "1-0"]
[WhiteElo "1985"]
[BlackElo "1763"]
[PlyCount "57"]
[EventDate "2017.10.29"]
[EventType "team-tourn"]
[EventRounds "9"]
[EventCountry "HUN"]
[SourceTitle "EXT 2021"]
[Source "ChessBase"]
[SourceDate "2020.10.23"]
[SourceVersion "1"]
[SourceVersionDate "2020.10.23"]
[SourceQuality "1"]
[WhiteTeam "Keszthely Spartacus"]
[BlackTeam "Veszprem Ezust Huszar"]
[WhiteTeamCountry "HUN"]
[BlackTeamCountry "HUN"]

1. c4 g6 2. g3 Nf6 3. Nc3 d5 4. cxd5 Nxd5 5. Bg2 c6 6. Nf3 Bg7 7. 0-0 0-0 8. d4 Nd7 9. e4 Nxc3 10. bxc3 c5 11. e5 Qc7 12. Bf4 e6 13. Qe2 Qa5 14. Rfc1 b6 15. Ng5 Rb8 16. Ne4 Ba6 17. Qe3 cxd4 18. cxd4 Rbc8 19. a3 b5 20. Bh6 Nb6 21. Nf6+ Kh8 22. Bxg7+ Kxg7 23. Ng4 Nd5 24. Qh6+ Kh8 25. Bxd5 f6 26. exf6 Rxc1+ 27. Rxc1 Rf7 28. Bxe6 Rc7 29. Qf8# 1-0

[Event "HUN-chT2 Charousek 1415"]
[Site "Hungary"]
[Date "2014.11.16"]
[Round "2"]
[White "Biskopics, Marton"]
[Black "Dobos, Jozsef"]
[Result "0-1"]
[WhiteElo "2063"]
[BlackElo "2273"]
[PlyCount "100"]
[EventDate "2014.10.12"]
[EventType "team-tourn"]
[EventRounds "9"]
[EventCountry "HUN"]
[SourceTitle "EXT 2016"]
[Source "ChessBase"]
[SourceDate "2015.10.08"]
[SourceVersion "1"]
[SourceVersionDate "2015.10.08"]
[SourceQuality "1"]
[WhiteTeam "Aquaprofit II"]
[BlackTeam "Csuti"]
[WhiteTeamCountry "HUN"]
[BlackTeamCountry "HUN"]

1. c4 e6 2. d4 c5 3. Nf3 Nf6 4. Nc3 a6 5. e3 d5 6. Be2 dxc4 7. a4 Nc6 8. 0-0 cxd4 9. exd4 Na5 10. Be3 Bd6 11. h3 Qc7 12. Qc2 Bd7 13. Ne4 Nxe4 14. Qxe4 Bc6 15. Qg4 Nb3 16. Rad1 f5 17. Qh4 Bd5 18. Ne5 Bxe5 19. dxe5 0-0 20. f4 Rad8 21. Qf2 Qc6 22. Bb6 Rd7 23. a5 Rff7 24. Kh2 Be4 25. Rd6 Rxd6 26. exd6 Bd5 27. Bc7 Rd7 28. Qe3 Qc5 29. Qxc5 Nxc5 30. Rc1 Nd3 31. Bxd3 cxd3 32. Rd1 Be4 33. Kg3 Kf7 34. Kf2 Kf6 35. g3 g5 36. Ke3 gxf4+ 37. Kxf4 e5+ 38. Ke3 Bg2 39. h4 e4 40. Kf4 Bf3 41. Rd2 Be2 42. Ke3 Ke6 43. b4 Rg7 44. Kf2 Bh5 45. Rb2 Be8 46. Rd2 Bc6 47. Rb2 Kd7 48. Rd2 h5 49. Rb2 Rxg3 50. Kxg3 e3 0-1

[Event "HUN-chT2 Charousek 1213"]
[Site "Hungary"]
[Date "2012.11.18"]
[Round "4"]
[White "Novak, Attila Robert"]
[Black "Biskopics, Marton"]
[Result "1-0"]
[WhiteElo "2172"]
[BlackElo "2043"]
[PlyCount "93"]
[EventDate "2012.09.16"]
[EventType "team-tourn"]
[EventRounds "11"]
[EventCountry "HUN"]
[SourceTitle "EXT 2014"]
[Source "ChessBase"]
[SourceDate "2013.11.20"]
[SourceVersion "1"]
[SourceVersionDate "2013.11.20"]
[SourceQuality "1"]
[WhiteTeam "Balatonfuered"]
[BlackTeam "Aquaprofit II"]
[WhiteTeamCountry "HUN"]
[BlackTeamCountry "HUN"]

1. g3 c5 2. Bg2 Nc6 3. c4 g6 4. Nc3 Bg7 5. Nf3 d6 6. h3 e5 7. d3 Nge7 8. 0-0 0-0 9. a3 h6 10. Rb1 Be6 11. b4 Qd7 12. Kh2 b6 13. Bd2 Rac8 14. b5 Nd8 15. a4 d5 16. cxd5 Nxd5 17. Nxd5 Bxd5 18. Bc3 f6 19. Nh4 Bxg2 20. Nxg2 Ne6 21. Qb3 Kh7 22. Qc4 Rcd8 23. Nh4 f5 24. Nf3 Nd4 25. Bxd4 exd4 26. Rb2 Rfe8 27. a5 Re6 28. axb6 axb6 29. Ra1 Rde8 30. Ng1 f4 31. g4 Qe7 32. Rba2 h5 33. gxh5 Qh4 34. Rf1 Qxh5 35. Ra7 g5 36. Qd5 Re5 37. Qd7 R8e7 38. Qxe7 Rxe7 39. Rxe7 g4 40. Re4 Be5 41. f3 g3+ 42. Kg2 Kg6 43. Ra1 c4 44. Ra6 Bc7 45. Re6+ Kf7 46. Rc6 Bb8 47. Raxb6 1-0

[Event "HUN-chT2 Charousek 1112"]
[Site "Hungary"]
[Date "2012.05.20"]
[Round "11"]
[White "Biskopics, Marton"]
[Black "Oltean, Gusztav"]
[Result "1-0"]
[WhiteElo "2055"]
[BlackElo "2109"]
[PlyCount "73"]
[EventDate "2011.09.25"]
[EventType "team-tourn"]
[EventRounds "11"]
[EventCountry "HUN"]
[SourceTitle "EXT 2013"]
[Source "ChessBase"]
[SourceDate "2012.11.22"]
[SourceVersion "1"]
[SourceVersionDate "2012.11.22"]
[SourceQuality "1"]
[WhiteTeam "Aquaprofit II"]
[BlackTeam "Veszprem"]
[WhiteTeamCountry "HUN"]
[BlackTeamCountry "HUN"]

1. c4 Nf6 2. g3 g6 3. Nc3 Bg7 4. Bg2 0-0 5. e4 d6 6. Nge2 e5 7. 0-0 Nc6 8. d3 Nh5 9. Be3 f5 10. Qd2 Nd4 11. Bh6 f4 12. Bxg7 Kxg7 13. f3 fxg3 14. hxg3 c5 15. Nxd4 cxd4 16. Ne2 Be6 17. Rac1 Qd7 18. b3 Rf7 19. c5 Rc8 20. cxd6 Qxd6 21. Rxc8 Bxc8 22. Rc1 Rc7 23. Kh2 Bd7 24. Rxc7 Qxc7 25. Bh3 Bxh3 26. Kxh3 Nf6 27. Qc1 Qd7+ 28. Kg2 b6 29. Qc4 h5 30. Qc1 a5 31. Qc4 g5 32. Qc1 Kg6 33. Qc4 Qd6 34. f4 gxf4 35. gxf4 exf4 36. Qxd4 Ng4 37. Qxd6+ 1-0

[Event "HUN-chT2 Charousek 1112"]
[Site "Hungary"]
[Date "2012.01.29"]
[Round "5"]
[White "Biskopics, Marton"]
[Black "Papp, Judit"]
[Result "1/2-1/2"]
[WhiteElo "2055"]
[BlackElo "2148"]
[PlyCount "37"]
[EventDate "2011.09.25"]
[EventType "team-tourn"]
[EventRounds "11"]
[EventCountry "HUN"]
[SourceTitle "EXT 2013"]
[Source "ChessBase"]
[SourceDate "2012.11.22"]
[SourceVersion "1"]
[SourceVersionDate "2012.11.22"]
[SourceQuality "1"]
[WhiteTeam "Aquaprofit II"]
[BlackTeam "Paks II"]
[WhiteTeamCountry "HUN"]
[BlackTeamCountry "HUN"]

1. c4 g6 2. g3 Bg7 3. Bg2 Nf6 4. Nc3 0-0 5. e4 d6 6. Nge2 c5 7. 0-0 a6 8. h3 e6 9. d3 Qc7 10. Be3 Nc6 11. Qd2 Rd8 12. Rac1 b6 13. b3 Bb7 14. d4 cxd4 15. Nxd4 Ne5 16. f4 Ned7 17. f5 exf5 18. exf5 Bxg2 19. Qxg2 1/2-1/2

[Event "HUN-chT2 Charousek 1112"]
[Site "Hungary"]
[Date "2011.10.30"]
[Round "2"]
[White "Mester, Attila"]
[Black "Biskopics, Marton"]
[Result "1-0"]
[WhiteElo "2122"]
[BlackElo "2055"]
[PlyCount "125"]
[EventDate "2011.09.25"]
[EventType "team-tourn"]
[EventRounds "11"]
[EventCountry "HUN"]
[SourceTitle "EXT 2013"]
[Source "ChessBase"]
[SourceDate "2012.11.22"]
[SourceVersion "1"]
[SourceVersionDate "2012.11.22"]
[SourceQuality "1"]
[WhiteTeam "Penzugyor II"]
[BlackTeam "Aquaprofit II"]
[WhiteTeamCountry "HUN"]
[BlackTeamCountry "HUN"]

1. e4 c5 2. Nf3 e6 3. d4 cxd4 4. Nxd4 a6 5. Bd3 Qb6 6. Nb3 Qc7 7. Nc3 Nf6 8. 0-0 b6 9. Qe2 d6 10. f4 Nbd7 11. Bd2 Bb7 12. Rae1 e5 13. Kh1 Be7 14. a4 0-0 15. Rf3 Rfe8 16. Rh3 Bf8 17. Qf3 g6 18. f5 Bg7 19. Bg5 d5 20. exd5 e4 21. Bxe4 Nxe4 22. Rxe4 Bxc3 23. bxc3 Bxd5 24. Rxe8+ Rxe8 25. Qf2 Qc4 26. Nd4 Qxa4 27. Bc1 Ne5 28. Qh4 h5 29. Re3 Ng4 30. Re1 Qd7 31. h3 Rxe1+ 32. Qxe1 Nf6 33. Qg3 Ne4 34. Qe5 Qd6 35. Qe8+ Kg7 36. Be3 Ng3+ 37. Kg1 Nxf5 38. Nxf5+ gxf5 39. Bd4+ f6 40. Qxh5 Qg3 41. Qe2 Qd6 42. Qxa6 Qe6 43. Qxb6 Qe1+ 44. Kh2 Be6 45. Qd8 Qh4 46. Qe7+ Bf7 47. g3 Qg5 48. Qe3 Qh5 49. h4 Qd1 50. Qg5+ Kf8 51. Qxf5 Qe2+ 52. Qf2 Qd1 53. Qxf6 Qxc2+ 54. Qf2 Qd1 55. Kg2 Kg8 56. Qf3 Qc2+ 57. Kh3 Be6+ 58. g4 Qa2 59. h5 Bd5 60. Qf2 Qb1 61. Kh4 Qh1+ 62. Kg5 Qe4 63. Qf6 1-0

[Event "HUN-chT2 Charousek 1011"]
[Site "Hungary"]
[Date "2010.11.07"]
[Round "5"]
[White "Szinavel, Zsolt"]
[Black "Biskopics, Marton"]
[Result "1-0"]
[WhiteElo "2120"]
[BlackElo "2065"]
[PlyCount "107"]
[EventDate "2010.09.12"]
[EventType "team-tourn"]
[EventRounds "11"]
[EventCountry "HUN"]
[SourceTitle "EXT 2012"]
[Source "ChessBase"]
[SourceDate "2011.11.24"]
[SourceVersion "1"]
[SourceVersionDate "2011.11.24"]
[SourceQuality "1"]
[WhiteTeam "Kisber Aszar"]
[BlackTeam "Aquaprofit II"]
[WhiteTeamCountry "HUN"]
[BlackTeamCountry "HUN"]

1. e4 c5 2. d4 cxd4 3. c3 Nf6 4. e5 Nd5 5. cxd4 d6 6. Nf3 dxe5 7. Nxe5 e6 8. Nc3 Bb4 9. Bd2 0-0 10. Bd3 Nd7 11. Qe2 Bxc3 12. bxc3 Nxe5 13. Qxe5 Qf6 14. Qh5 h6 15. Qg4 Ne7 16. Qe4 Qf5 17. Qe2 Qf6 18. Rb1 b6 19. Qe4 Qf5 20. Qe3 Qf6 21. Be4 Rb8 22. Qg3 Bb7 23. Bxb7 Rxb7 24. 0-0 Rc8 25. Rfe1 Rbc7 26. Rb3 Qg6 27. Qxg6 Nxg6 28. a4 Ne7 29. Kf1 Nd5 30. Rc1 Rc4 31. a5 bxa5 32. Ke2 a4 33. Ra3 f5 34. Kd3 Nb4+ 35. cxb4 Rxc1 36. Bxc1 Rxc1 37. Rxa4 Rc7 38. h4 g6 39. g3 Kf7 40. b5 Ke7 41. Ra6 Kf7 42. f3 Rd7 43. Kc4 Ke7 44. Rc6 Rb7 45. Rc8 Kf6 46. Kc5 Rd7 47. Ra8 h5 48. Kc6 Rf7 49. f4 Re7 50. Rc8 Rf7 51. Rc7 Rf8 52. Rxa7 Rd8 53. Rd7 Ra8 54. b6 1-0

[Event "HUN-chT2 Charousek 0910"]
[Site "Hungary"]
[Date "2010.04.18"]
[Round "10"]
[White "Biskopics, Marton"]
[Black "Teglas, Balazs"]
[Result "0-1"]
[WhiteElo "2068"]
[BlackElo "2172"]
[PlyCount "94"]
[EventDate "2009.11.08"]
[EventType "team-tourn"]
[EventRounds "11"]
[EventCountry "HUN"]
[SourceTitle "EXT 2011"]
[Source "ChessBase"]
[SourceDate "2010.11.26"]
[SourceVersion "1"]
[SourceVersionDate "2010.11.26"]
[SourceQuality "1"]
[WhiteTeam "Aquaprofit II"]
[BlackTeam "Hobagoly"]
[WhiteTeamCountry "HUN"]
[BlackTeamCountry "HUN"]

1. c4 c5 2. Nc3 Nf6 3. g3 d5 4. cxd5 Nxd5 5. Bg2 Nc7 6. Nf3 Nc6 7. 0-0 e5 8. d3 Be7 9. Be3 0-0 10. Ne4 b6 11. Bg5 f6 12. Bd2 Be6 13. a3 Rc8 14. Rc1 Nb5 15. Bc3 f5 16. Ned2 Bf6 17. Qa4 Nxc3 18. bxc3 Qd7 19. Rfd1 g5 20. Nc4 g4 21. Nfd2 f4 22. Ne4 f3 23. exf3 gxf3 24. Bxf3 Nd4 25. Qxd7 Nxf3+ 26. Kg2 Bxd7 27. Kxf3 Bg5+ 28. Ke2 Bg4+ 29. Ke1 Bxc1 30. Rxc1 Rce8 31. Ne3 Bf3 32. Nd5 Rd8 33. c4 Bxe4 34. dxe4 Rf3 35. Rd1 Kf7 36. Ra1 Rb3 37. Ra2 b5 38. cxb5 Rxb5 39. Kf1 c4 40. Rc2 Rc8 41. f4 Rb1+ 42. Ke2 Rb3 43. a4 exf4 44. gxf4 Rh3 45. Kd1 c3 46. Kc1 Rc4 47. e5 Ke6 0-1

[Event "HUN-chT2 Charousek 0910"]
[Site "Hungary"]
[Date "2009.11.08"]
[Round "1"]
[White "Biskopics, Marton"]
[Black "Szepes, Tamas"]
[Result "1/2-1/2"]
[WhiteElo "2068"]
[BlackElo "2069"]
[PlyCount "74"]
[EventDate "2009.11.08"]
[EventType "team-tourn"]
[EventRounds "11"]
[EventCountry "HUN"]
[SourceTitle "EXT 2011"]
[Source "ChessBase"]
[SourceDate "2010.11.26"]
[SourceVersion "1"]
[SourceVersionDate "2010.11.26"]
[SourceQuality "1"]
[WhiteTeam "Aquaprofit II"]
[BlackTeam "Taban Spartacus"]
[WhiteTeamCountry "HUN"]
[BlackTeamCountry "HUN"]

1. c4 Nf6 2. Nc3 e6 3. d4 d5 4. Nf3 Be7 5. Bf4 0-0 6. e3 a6 7. Bd3 dxc4 8. Bxc4 b5 9. Bd3 Bb7 10. a3 c5 11. dxc5 Bxc5 12. 0-0 Qe7 13. Qe2 Nbd7 14. Ne5 Nxe5 15. Bxe5 Nd7 16. Bg3 f5 17. b4 Bd6 18. Bxd6 Qxd6 19. Rac1 Ne5 20. Rfd1 Qb6 21. Qe1 Rad8 22. Bf1 Rxd1 23. Rxd1 Rf6 24. Qd2 Nf3+ 25. gxf3 Rg6+ 26. Bg2 Bxf3 27. Qd8+ Qxd8 28. Rxd8+ Kf7 29. Rd6 Bxg2 30. f4 Bd5+ 31. Kf1 Bc4+ 32. Kf2 e5 33. Rxg6 hxg6 34. h4 Ke6 35. Kg3 Kd6 36. Kf3 Bf7 37. Kg3 e4 1/2-1/2

[Event "HUN-chT2 Charousek 0708"]
[Site "Hungary"]
[Date "2007.10.14"]
[Round "1"]
[White "Hitter, Gabriela"]
[Black "Biskopics, Marton"]
[Result "1/2-1/2"]
[WhiteElo "2113"]
[BlackElo "2080"]
[PlyCount "47"]
[EventDate "2007.10.14"]
[EventType "team"]
[EventRounds "11"]
[EventCountry "HUN"]
[SourceTitle "EXT 2009"]
[Source "ChessBase"]
[SourceDate "2008.11.26"]
[SourceVersion "1"]
[SourceVersionDate "2008.11.26"]
[SourceQuality "1"]
[WhiteTeam "Haladas II"]
[BlackTeam "Nagykanizsa II"]
[WhiteTeamCountry "HUN"]
[BlackTeamCountry "HUN"]

1. e4 c5 2. Nf3 e6 3. d4 cxd4 4. Nxd4 a6 5. Bd3 Qb6 6. Nb3 Qc7 7. 0-0 Nf6 8. Qe2 d6 9. Bg5 Be7 10. Kh1 Nbd7 11. f4 b6 12. c4 Bb7 13. Nc3 0-0 14. Rae1 e5 15. f5 Rac8 16. Bh4 Nc5 17. Nxc5 dxc5 18. Bxf6 Bxf6 19. Rf3 Rcd8 20. Rh3 h6 21. Qh5 Rd4 22. Ne2 Rd6 23. Nc3 Rd4 24. Ne2 1/2-1/2